Години на самота (Запис номер 509137)
[ съкратено ]
| 000 -Лидер | |
|---|---|
| Контролно поле с фиксирана дължина | 01074nam a2200313 c 4500 |
| 003 - Код на организацията, давaща контролен номер | |
| Контролно поле | BLK |
| 005 - Дата и час на последна редакция | |
| Контролно поле | 20240623004113.0 |
| 008 - Елементи от данни с фиксирана дължина | |
| fixed length control field | 180408b bul|||||r ||||||| ||bul|| |
| 040 ## - Източник на каталожния запис | |
| Идентификатор на билиотеката - собственик на записа | BLK |
| 041 ## - Код за език | |
| Код за езика на текст/звукозапис или на отделно заглавие | Български |
| Код за езика КДБФ | Български |
| 080 ## - УДК | |
| Текстов определител УДК | Българска литература(изследвания) |
| УДК код - определител по УДК | 821.163.2.09 |
| УДК - код + определител | 821.163.2.09(092) |
| 080 ## - УДК | |
| Текстов определител УДК | Биографии - България |
| УДК код - определител по УДК | 929(497.2) |
| УДК - код + определител | 929(497.2) |
| 080 ## - УДК | |
| Текстов определител УДК | Българска литература |
| УДК код - определител по УДК | 821.163.2 |
| УДК - код + определител | 821.163.2-6 |
| 100 1# - Редна дума - Автор | |
| Автор | Памуков, Стефан |
| R(LIN) | 105867 |
| 245 10 - Сведения за заглавието | |
| Заглавие | Години на самота |
| Редно поле (дума) | Стефан Памуков |
| 257 ## - Страна на издаване | |
| Страна на създаване/издаване | България |
| 260 ## - Област на издателските данни | |
| Име на издателя, разпространителя и проч. | SM |
| Година на издаване | 1999 |
| 9 (RLIN) | 209984 |
| Място на издаване, разпространение и проч. | Пловдив |
| Издателство - префикс ISBN | 978-954-92290- |
| 300 ## - Физическа характеристика | |
| Страници | 112 с. |
| Размери/Мащаб | 20 см |
| 380 ## - Жанр | |
| Жанр | Литературознание |
| 650 #0 - Допълнително описание по предмет – тема | |
| Основно описание – тема или топоним | Писатели, български |
| 9 (RLIN) | 241944 |
| 650 #7 - Допълнително описание по предмет – тема | |
| 9 (RLIN) | 166705 |
| Основно описание – тема или топоним | Поети, български |
| 650 #7 - Допълнително описание по предмет – тема | |
| 9 (RLIN) | 159464 |
| Основно описание – тема или топоним | Кореспонденция |
| 856 4# - Електронен адрес и достъп | |
| Електронен формат | pdf - файл |
| 856 4# - Електронен адрес и достъп | |
| Електронен формат | pdf - файл |
| 942 ## - АРТИКУЛИ | |
| Вид на библиотечния материал | Книги |
| Скрит в OPAC | Не |
| 944 ## - СЪЗДАВАНЕ И РЕДАКЦИЯ на ЗАПИСА | |
| Дата на регистрацията/редакция | Нора Радева |
| Служител, извършил регистрацията/редакцията | |
| Статус, дата на статуса | CRON CRON |
| Създаване/Редакция | |
| 999 ## - СИСТЕМНИ КОНТРОЛНИ НОМЕРА | |
| Koha biblionumber | 509137 |
| Koha biblioitemnumber | 509137 |
| 999 ## - СИСТЕМНИ КОНТРОЛНИ НОМЕРА | |
| Koha biblioitemnumber | 509133 |
| 999 ## - СИСТЕМНИ КОНТРОЛНИ НОМЕРА | |
| Koha biblioitemnumber | 71035 |
| Код за отписване | Код за изгубен артикул | Източник на класификационната схема | Код за повреда | Коз за рестрикции | Код за отдаване | Артикулен № | Име на библиотеката - собственик | Име на библиотеката, в която се намира в момента | Статус (Текущо местоположение) | Дата на вписване в системата | Местоположение - отдел | Цена в лева | Инвентарен номер | Систематично азбучна сигнатура | Баркод | Цена в евро | Служебен тип на артикула |
|---|---|---|---|---|---|---|---|---|---|---|---|---|---|---|---|---|---|
| Не е изгубен | Universal Decimal Classification | Не е повреден | само за читалня | ползва се в читалня | 942616 | Регионална библиотека "Любен Каравелов" Русе | Регионална библиотека "Любен Каравелов" Русе | Хранилище | 2024-04-25 | Основен фонд - ползва се само за читалня | 15.00 | 120000901636 | Цб 322490 | 120000901636 | 7.67 | Книги | |
| Не е изгубен | Universal Decimal Classification | Не е повреден | заемане за дома | 942617 | Регионална библиотека "Любен Каравелов" Русе | Регионална библиотека "Любен Каравелов" Русе | Заемна - подръчен фонд | 2024-04-25 | Заемна - подръчен фонд | 15.00 | 120000901637 | 821.163.2.09(092)/П 16 С | 120000901637 | 7.67 | Книги |